The beautiful india: (Record no. 160668)

MARC details
000 -LEADER
fixed length control field 00426nam a22001577a 4500
005 - DATE AND TIME OF LATEST TRANSACTION
control field 20190207143450.0
010 ## - LCCN (DPL NO)
LC control number B-217620
020 ## - INTERNATIONAL STANDARD BOOK NUMBER
International Standard Book Number 8188583987
Terms of availability 875.00
035 ## - SYSTEM CONTROL NUMBER
System control number B-217620
037 ## - SOURCE OF ACQUISITION
Source of stock number/acquisition Reference Press
082 ## - DEWEY DECIMAL CLASSIFICATION NUMBER
Classification number 954.43
245 ## - TITLE STATEMENT
Title The beautiful india:
Remainder of title Gujrat /
Statement of responsibility, etc S.A. Rahman
260 ## - PUBLICATION, DISTRIBUTION, ETC. (IMPRINT)
Place of publication, distribution, etc New Delhi
Name of publisher, distributor, etc Reference Press
Date of publication, distribution, etc 2005
300 ## - PHYSICAL DESCRIPTION
Extent 394p.
Dimensions 22cm(hbk)
942 ## - ADDED ENTRY ELEMENTS (KOHA)
Source of classification or shelving scheme Dewey Decimal Classification
Item type English Books
Classification part 954.43
Call number suffix GUJ
Holdings
Withdrawn status Lost status Not for loan Collection code Home library Current library Date acquired Full call number Barcode Koha item type
      Non-fiction Sarojini Nagar Sarojini Nagar 07/02/2019 954.43 GUJ B-217620 English Books

© Delhi Public Library
Hit Counter
free hit counter